| 000 | 00630nam a22001817a 4500 | ||
|---|---|---|---|
| 999 |
_c10776 _d10776 |
||
| 008 | 180919b ||||| |||| 00| 0 eng d | ||
| 020 | _a978-1-305-63346-9 | ||
| 082 |
_22017 _aDC 909 _bSp443 |
||
| 100 |
_aSpielvogel, Jackson J. _931391 |
||
| 245 |
_aWestern civilization : _ba brief history / _cJackson J. Spielvogel |
||
| 250 | _aNinth Edition | ||
| 260 |
_aAustralia : _bCengage Learning , _c©2017. |
||
| 300 |
_axxxvi, 816 pages ; _bcolor illustrations : _c25 cm. |
||
| 500 | _aIncludes glossary and index. | ||
| 650 |
_aCivilization, Western -- History -- Textbooks _931392 |
||
| 365 |
_b13,500.00 _cPhp. |
||
| 942 |
_2ddc _cDC |
||